| LEADER 00000nam 2200000uu 4500 |
| 008 130916s2556||||th 000 0 tha d |
| 020 ^a9786161115968
|
| 041 0 ^atha
|
| 060 4 ^aWY100.5 บ223 2556
|
| 100 0 ^aบริรักษ์ เจริญศิลป์.
|
| 245 00 ^aแนวทางการบันทึกและให้รหัสการวินิจฉัยโรคและหัตถการ =^bAuditor recoding for medical audit./^cผู้เขียน,บริรักษ์ เจริญศิลป์,รุ้งใจ เจริญศิลป์.
|
| 246 0 ^aAuditor recoding for medical audit.
|
| 250 ^aพิมพ์ครั้งที่ 1
|
| 260 ^aนครสวรรค์ : ^bสำนักงานหลักประกันสุขภาพแห่งชาติ เขต 3 นครสวรรค์,^c2556.
|
| 300 ^a328 หน้า : ^bภาพประกอบ;^c26 ซม.
|
| 650 4 ^aการพยาบาล
|
| 650 4 ^aการวินิจฉัยโรค
|
| 650 4 ^aบันทึกการพยาบาล
|
| 650 4 ^aการให้รหัสหัตถการ
|
| 650 4 ^aการให้รหัสการวินิจฉัย
|
| 700 0 ^aรุ้งใจ เจริญศิลป์,ผู้เขียน
|
| 710 2 ^aนครสวรรค์. เขต3 สำนักงานหลักประกันสุขภาพแห่งชาติ.
|
| 999 ^aใช้งานได้ทุกระบบ
|